Catálogo
 En Linea

Essais. (Registro nro. 32317)

Detalles MARC
000 -CABECERA
campo de control de longitud fija 00273nam a2200109 a 4500
005 - FECHA Y HORA DE LA ÚLTIMA TRANSACCIÓN
campo de control 20200930065846.0
008 - DATOS DE LONGITUD FIJA--INFORMACIÓN GENERAL
campo de control de longitud fija 110726s1936 000 spa d
040 ## - FUENTE DE LA CATALOGACIÓN
Centro catalogador/agencia de origen DO-SdBNP
100 ## - ENTRADA PRINCIPAL--NOMBRE DE PERSONA
Nombre de persona Hostos, Eugenio M. de,
9 (RLIN) 58627
245 #0 - MENCIÓN DE TÍTULO
Título Essais.
260 ## - PUBLICACIÓN, DISTRIBUCIÓN, ETC.
Lugar de publicación, distribución, etc. Paris, Francia,
Fecha de publicación, distribución, etc. [1936].

No hay ítems disponibles.

Con tecnología Koha